Mitad y mitad no alcanza: reflexiones en torno a la obligación alimentaria de los/as progenitores en el cuidado personal alternado. Un análisis con perspectiva de niñez y género / (Registro nro. 5757)
[ vista simple ]
| 000 -LEADER | |
|---|---|
| fixed length control field | 01179nab a22002297a 4500 |
| 003 - CONTROL NUMBER IDENTIFIER | |
| control field | OSt |
| 005 - DATE AND TIME OF LATEST TRANSACTION | |
| control field | 20260105144754.0 |
| 008 - FIXED-LENGTH DATA ELEMENTS--GENERAL INFORMATION | |
| fixed length control field | 190514b xxu||||| |||| 00| 0 spa d |
| 040 ## - CATALOGING SOURCE | |
| Transcribing agency | PJ |
| 100 ## - MAIN ENTRY--PERSONAL NAME | |
| 9 (RLIN) | 6671 |
| Personal name | Fonollosa, Rocío |
| 245 10 - TITLE STATEMENT | |
| Title | Mitad y mitad no alcanza: reflexiones en torno a la obligación alimentaria de los/as progenitores en el cuidado personal alternado. Un análisis con perspectiva de niñez y género / |
| Statement of responsibility, etc | Rocío Fonollosa. |
| 300 ## - PHYSICAL DESCRIPTION | |
| Extent | p. 110-116 |
| 500 ## - GENERAL NOTE | |
| General note | Cita: TR LALEY AR/DOC/870/2025. |
| 505 ## - FORMATTED CONTENTS NOTE | |
| Formatted contents note | Sumario: I. Introducción.— II. Sentencia de primera instancia y apelación.— III. Segunda instancia.— IV. Desarrollo.— V. Breve conclusión. |
| 505 ## - FORMATTED CONTENTS NOTE | |
| Title | Fallo comentado: C2aCiv. y Com., La Plata, sala I ~ 12/12/2024 ~ M., R. J. c. M., J. M. s/ alimentos. |
| 650 #0 - SUBJECT ADDED ENTRY--TOPICAL TERM | |
| 9 (RLIN) | 2741 |
| Topical term or geographic name as entry element | DERECHOS DE LAS NIÑAS, NIÑOS Y ADOLESCENTES |
| 650 #0 - SUBJECT ADDED ENTRY--TOPICAL TERM | |
| 9 (RLIN) | 967 |
| Topical term or geographic name as entry element | DERECHO DE FAMILIA |
| 650 #0 - SUBJECT ADDED ENTRY--TOPICAL TERM | |
| 9 (RLIN) | 4099 |
| Topical term or geographic name as entry element | CUOTA ALIMENTARIA |
| 650 #0 - SUBJECT ADDED ENTRY--TOPICAL TERM | |
| 9 (RLIN) | 1057 |
| Topical term or geographic name as entry element | JURISPRUDENCIA APLICABLE |
| 773 0# - HOST ITEM ENTRY | |
| Host Biblionumber | 2844 |
| Host Itemnumber | 3222 |
| Place, publisher, and date of publication | Buenos Aires : AbeledoPerrot, 1989- |
| Title | Derecho de familia. Revista Interdisciplinaria de doctrina y jurisprudencia. Junio 2025-III. |
| International Standard Book Number | 18511201 |
| 942 ## - ADDED ENTRY ELEMENTS (KOHA) | |
| Source of classification or shelving scheme | |
| Koha item type | Analítica Artículo de Revista |
No hay ítems disponibles.
